Word & image interactions

Detalles Bibliográficos
Formato: Electrónico Revista
Lenguaje:inglés
Publicado: Amsterdam, Netherlands : Editions Rodopi B. V.
Materias:
Acceso en línea:Full text available from Research Library: 01/01/2009 to 01/31/2011

MARC

LEADER 00000nas a2200000 i 4500
001 ssj0001077969
003 WaSeSS
005 20200512172242.0
006 m d
007 cr n
008 140109u20uuuuuune a| p|s|||||| |0eng d
035 |a (WaSeSS)ssj0001077969 
040 |a WaSeSS  |b eng  |c WaSeSS  |d WaSeSS 
050 1 4 |a PN53 
245 0 0 |a Word & image interactions  |h [electronic resource]. 
246 1 |a Word and image interactions 
260 |a Amsterdam, Netherlands :  |b Editions Rodopi B. V. 
310 |a Annual 
506 |a License restrictions may limit access. 
588 |a Description based on: 6 (2009); title from title screen (ProQuest, viewed Jan. 9, 2014). 
588 |a Latest issue consulted: 7 (2011) (viewed Jan. 9, 2014). 
650 0 |a Art and literature  |v Periodicals. 
650 0 |a Visual communication  |v Periodicals. 
650 0 |a Semantics  |v Periodicals. 
655 0 |a Electronic journals. 
776 0 8 |i Print version:  |t Word & image interactions  |x 1388-3569 
856 4 0 |z Full text available from Research Library: 01/01/2009 to 01/31/2011  |u https://search.proquest.com/publication/76043